00000000nas 2200000za 4500
0019.864633
003CaOODSP
00520221107161608
007cr |||||||||||
008181113d19701980oncar p oss  f000#b0eng| 
022 |y0384-4161
040 |aCaOODSP|beng
041 |aeng|afre
043 |an-cn---
0861 |aCS35-214-PDF
1300 |aElectric lamp and shade manufacturers (Final)
24500|aElectric lamp and shade manufacturers |h[electronic resource] / |cStatistics Canada, Manufacturing and Primary Industries Division = Industrie des lampes électriques et des abat-jour / Statistique Canada, Division des industries manufacturières et primaires.
24611|aIndustrie des lampes électriques et des abat-jour
260 |aOttawa : |bStatistics Canada = Statistique Canada, |c1972-1982.
300 |a11 v.
310 |aAnnual
3620 |a1970-1980.
4900 |aAnnual census of manufactures = Recensement annuel des manufactures
500 |aDigitized edition from print [produced by Statistics Canada]
546 |aText in English and in French.
550 |aIssued 1979-1980, by Machinery, Wood and Metal Products Section.
580 |aContinues: Miscellaneous furniture industries.
580 |aMerged with: Battery manufacturers (Final); Manufacturers of miscellaneous electrical products (Final); and, Manufacturers of lighting fixtures (Final), to become: Miscellaneous electrical industries.
69207|2gccst|aElectrical industry
69207|2gccst|aFurniture industry
69207|2gccst|aManufacturing industry
7101 |aCanada. |bStatistics Canada. |bMachinery, Wood and Metal Products Section.
7101 |aCanada. |bStatistics Canada. |bManufacturing and Primary Industries Division.
78000|tElectric lamp and shade industry |w(CaOODSP)9.864628
78500|tMiscellaneous electrical industries |w(CaOODSP)9.833015
792 |tElectric lamp and shade manufacturers |efre|w(CaOODSP)9.864634